| 000 | 01201cab a22002415a 4500 | ||
|---|---|---|---|
| 001 | L144257 | ||
| 008 | 080707e2008 xxk f 000 0 eng d | ||
| 035 | _a(Sirsi) u144257 | ||
| 041 | 0 | _aeng | |
| 100 | 1 | _aBannister, Edward | |
| 245 | 0 | 4 | _aThe business of energy efficiency |
| 260 | _c2008 | ||
| 490 | 0 |
_aSolicitors Journal _vJune 2008, 28-30(2) |
|
| 520 | _aConsiders what the impact of the introduction of Energy Performance Certificates (EPCs) in the commercial property sector will mean in practice. Explains what EPCs are, as well as the legislative framework and timescales. Lists points to consider when drafting commercial leases, including rent reviews. Concludes that although lacking bite, the regulations are still likely to have an impact. | ||
| 590 | _aKA | ||
| 650 | 2 | 4 | _aCOMMERCIAL ENERGY PERFORMANCE CERTIFICATES |
| 650 | 2 | 4 | _aEUROPEAN ENERGY PERFORMANCE OF BUILDINGS DIRECTIVE 2002/91/EC |
| 650 | 2 | 4 | _aENERGY PERFORMANCE OF BUILDINGS (CERTIFICATES AND INSPECTIONS) (ENGLAND AND WALES) REGULATIONS 2007 |
| 651 | 4 |
_aEngland and Wales _y1543- |
|
| 690 | _aENVIRONMENTAL AND LAND CONSULTANCY-ENERGY-ENERGY USE-ENERGY EFFICIENCY | ||
| 700 | 1 | _aJackson, David | |
| 942 | _n0 | ||
| 999 |
_c80404 _d80404 |
||